000 01370cam a22002771i 4500
003 SA-RiAUC
005 20241215062415.0
008 241214s1994 le g 000 0 ara c
040 _aSA-RiAUC
_bara
_cSA-RiAUC
_erda
082 0 4 _a251
_qSA-RiAUC
090 _a251
_bس ع د
100 1 _aالسعدي، عبد الرحمن بن ناصر بن عبد الله،
_d1307-1376 هجري
_eمؤلف.
245 1 0 _aرسالة في القواعد الفقهية ؛
_bويليها منظومة مشتملة على أحكام الفقه ؛ ويليها التعليق على منظومة السير إلى الله والدار الآخرة /
_cتأليف عبد الرحمن بن ناصر السعدي.
264 1 _aبيروت :
_bعالم الكتب،
_c1994
300 _a87 صفحة ؛
_c24 سم
336 _aنص
_btxt
_2rdacontent
_3كتاب
337 _aبدون وسيط
_bn
_2rdamedia
338 _aمجلد
_bnc
_2rdacarrier
650 7 _aأصول الفقه الإسلامي
_2aucsh
650 7 _aالقواعد الفقهية
_2aucsh
740 0 2 _aمنظومة مشتملة على أحكام الفقه.
740 2 2 _aالتعليق على منظومة السير إلى الله والدار الآخرة.
740 0 2 _aمنظومة السير إلى الله والدار الآخرة.
942 _2ddc
_cBOOK
_n0
949 _aSA-JeALM
_d241214
_umohamedma123
_n1
999 _c3508
_d3508